Modern Artists by First Name - Statistics

General Stats
  • This quiz has been taken 112 times
  • The average score is 11 of 20
Answer Stats
Hint Answer % Correct
Pablo Picasso
96%
Jackson Pollock
93%
Andy Warhol
90%
Edvard Munch
85%
Gustav Klimt
83%
Wassily Kandinsky
82%
Henri Matisse
77%
Georgia O'Keeffe
77%
Piet Mondrian
68%
René Magritte
67%
Roy Lichtenstein
59%
Mark Rothko
59%
Norman Rockwell
47%
Paul Klee
46%
Barnett Newman
27%
Ellsworth Kelly
21%
Andrew (& NC) Wyeth
20%
James Abbott Whistler
17%
Sidney Nolan
8%
Colin McCahon
4%
No matching quizzes found
Score Distribution
Percent of People with Each Score
Percentile by Number Answered
Your Score History
You have not taken this quiz